Responsabilidad por la justicia.
-д хадгалсан:
| Үндсэн зохиолч: | |
|---|---|
| Формат: | Үл мэдэгдэх |
| Хэвлэсэн: |
Coruña, España:
Fundación Paideia Galiza
2011.
Madrid, España: Ediciones Morata, |
| Цуврал: | Colección Educación Crítica
|
| Нөхцлүүд: | |
| Шошгууд: |
Шошго нэмэх
Шошго байхгүй, Энэхүү баримтыг шошголох эхний хүн болох!
|
MARC
| LEADER | 00000 a2200000 4500 | ||
|---|---|---|---|
| 003 | CL-VaPUC | ||
| 005 | 20230117170218.0 | ||
| 008 | 230110t2011 ||||| |||| 00| 0 eng d | ||
| 999 | |c 439421 |d 439419 | ||
| 020 | |a 978-84-7112-658-0 | ||
| 040 | |c Pontificia Universidad Católica de Valparaíso | ||
| 082 | 7 | |a 172.2 YOU 2011 |2 22 | |
| 100 | 1 | |a Young, Iris Marion |9 878603 |e autora | |
| 245 | 1 | |a Responsabilidad por la justicia. | |
| 260 | |a Coruña, España: |b Fundación Paideia Galiza | ||
| 260 | |a Madrid, España: |b Ediciones Morata, |c 2011. | ||
| 300 | |a 205 páginas. | ||
| 490 | |a Colección Educación Crítica | ||
| 583 | |k GC |c 20230110 | ||
| 650 | 0 | |a Justicia social |9 314874 | |
| 650 | 0 | |a Etica social |9 267623 | |
| 942 | |2 ddc |c BK | ||
| 952 | |0 0 |1 0 |2 ddc |4 0 |6 172_200000000000000_YOU_2011 |7 0 |8 A |9 588536 |a BIBGIM |b BIBGIM |c GEN |d 2023-01-06 |e 3 |g 22383.00 |i 5656310 |o 172.2 YOU 2011 |p 5656310 |r 2025-01-15 |t 1 |v 22383.00 |w 2023-01-06 |y BK |k SSL | ||